| 000 | 00345nam a2200133Ia 4500 | ||
|---|---|---|---|
| 008 | 240624s9999 xx 000 0 und d | ||
| 041 | _aeng | ||
| 082 | _a658.4063 SMI | ||
| 100 | _aSMITH NEVILLE | ||
| 245 | _aGUIDE TO ORGANISATIONAL CREATIVITY | ||
| 260 |
_c2008 _aMumbai _bJaico Publishing House |
||
| 300 | _a224 : cm. ; 24 | ||
| 365 |
_cRS _b30 |
||
| 999 |
_c11435 _d11435 |
||